Phosphorus nutrition of grain legumes in the semi-arid tropics (Record no. 17015)

MARC details
000 -LEADER
fixed length control field 00429nam a22001577a 4500
003 - CONTROL NUMBER IDENTIFIER
control field OSt
005 - DATE AND TIME OF LATEST TRANSACTION
control field 20211105161107.0
008 - FIXED-LENGTH DATA ELEMENTS--GENERAL INFORMATION
fixed length control field 211105b |||||||| |||| 00| 0 eng d
020 ## - INTERNATIONAL STANDARD BOOK NUMBER
International Standard Book Number 92-9066-200-X
040 ## - CATALOGING SOURCE
Transcribing agency Hawassa university
050 ## - LIBRARY OF CONGRESS CALL NUMBER
Classification number 633.3'285/PHO
082 ## - DEWEY DECIMAL CLASSIFICATION NUMBER
Classification number 633.3'285/PHO
245 ## - TITLE STATEMENT
Title Phosphorus nutrition of grain legumes in the semi-arid tropics
260 ## - PUBLICATION, DISTRIBUTION, ETC.
Place of publication, distribution, etc. Patancheru
Name of publisher, distributor, etc. ICRISAT
Date of publication, distribution, etc. 1991
942 ## - ADDED ENTRY ELEMENTS (KOHA)
Source of classification or shelving scheme Dewey Decimal Classification
Koha item type Books like text book referance book
Suppress in OPAC No
Holdings
Withdrawn status Lost status Source of classification or shelving scheme Damaged status Not for loan Home library Current library Date acquired Total Checkouts Full call number Barcode Date last seen Copy number Price effective from Koha item type
    Dewey Decimal Classification     College of Agriculture Library College of Agriculture Library 11/05/2021   633.3'285/PHO ALIB0010832 11/05/2021 C 1 11/05/2021 Books like text book referance book